02322nam a22002177a 450000500170000000800410001702000180005804000070007604100080008308200180009110000180010924500260012726000340015330000290018736500670021652017120028365000220199565000140201765000180203165000550204920251025101405.0251025b |||||||| |||| 00| 0 eng d a9781984899422 cAL aeng a305.908bWOND aAlice Wong Ed aDisability visibility aNew YorkbVintage Booksc2020 axxii,309pbPBc20.5x13cm 2JournalismaIN-18578b₹661.93c₹d₹661.93e0f03-10-2025 aA groundbreaking collection of first-person writing on the joys and challenges of the modern disability experience: Disability Visibility brings together the voices of activists, authors, lawyers, politicians, artists, and everyday people whose daily lives are, in the words of playwright Neil Marcus, "an art . . . an ingenious way to live." • Edited by MacArthur "Genius Grant" Fellow Alice Wong “Shares perspectives that are too often missing from such decision-making about accessibility.” —The Washington Post According to the last census, one in five people in the United States lives with a disability. Some are visible, some are hidden--but all are underrepresented in media and popular culture. Now, just in time for the thirtieth anniversary of the Americans with Disabilities Act, activist Alice Wong brings together an urgent, galvanizing collection of personal essays by contemporary disabled writers.There is Harriet McBryde Johnson's "Unspeakable Conversations," which describes her famous debate with Princeton philosopher Peter Singer over her own personhood. There is columnist s. e. smith's celebratory review of a work of theater by disabled performers. There are original pieces by up-and-coming authors like Keah Brown and Haben Girma. There are blog posts, manifestos, eulogies, and testimonies to Congress. Taken together, this anthology gives a glimpse of the vast richness and complexity of the disabled experience, highlighting the passions, talents, and everyday lives of this community. It invites readers to question their own assumptions and understandings. It celebrates and documents disability culture in the now. It looks to the future and past with hope and love. aSocial Conditions aBiography aUnited States aFirst Person Stories from the twenty first Century